000 00913nam a2200265 a 4500
001 000023868
005 20240514111633.0
008 110114s1970 sp r 000 0 spa d
040 _aDO-SdBNP
_bspa
_cBNPHU
041 1 7 _aspa
_heng
_2Código de idiomas MARC
082 _a338.19
_bF855u
100 1 _aFreeman, Orville L.,
_949100
240 1 0 _aWorld without hunger.
_lEspañol
245 1 0 _aUn mundo sin hambre / :
_bOrville L. Freeman ; traducción de Martín Esteve.
260 _aBarcelona :
_bDiana,
_c1970.
300 _a238 p. ;
_c19 cm.
490 1 _aModerna
_v133
504 _aIncluye referencias bibliográficas y notas al pie de las páginas.
534 _pTítulo original en inglés:
_tWorld without hunger.
_c1968
650 0 _aAbastecimiento de alimentos
_95254
650 0 _aAgricultura
_92309
700 1 _aEsteve, Martín,
_etr.
_949101
830 0 _aModerna ;
_v133
_946958
049 _aBNGR
999 _c23364
_d23364